Možnosti zlepšovania procesov vo firme Topos Továrniky a.s.(Abilities of improving proceses in the Topos Tovarniky corp.)[CD-ROM] : Diplomová práca

Salvato in:
Dettagli Bibliografici
Autore principale: Šumega, Martin (Autore)
Altri autori: Porhajaš, Milan (xxx)
Natura: Manoscritto Libro
Lingua:slovacco
Pubblicazione: Bratislava : STU v Bratislave SjF, 2007
Edizione:1.vyd.
Soggetti:
Tags: Aggiungi Tag
Nessun Tag, puoi essere il primo ad aggiungerne!!

MARC

LEADER 00000ntm a22000003a 4500
001 stu153805
005 20150617225945.1
008 071210s2007----xo------------------slo-d
040 |a STU  |b slo 
041 0 |a slo 
044 |a xo 
100 1 |a Šumega, Martin  |4 aut  |u J120  |U SjF Ústav výrobných systémov, enviromentálnej techniky a manažment kvality  |T SjF Katedra výrobných systémov  |U J120  |Y 38 
245 1 |a Možnosti zlepšovania procesov vo firme Topos Továrniky a.s.(Abilities of improving proceses in the Topos Tovarniky corp.)[CD-ROM] :  |b Diplomová práca 
250 |a 1.vyd. 
260 |a Bratislava :  |b STU v Bratislave SjF,  |c 2007 
300 |a 61 s 
650 7 |a procesné riadenie  |2 stusub 
650 7 |a zákazník  |2 stusub 
650 7 |a change  |2 estusub 
650 7 |a customer  |2 estusub 
700 1 |a Porhajaš, Milan  |4 xxx 
700 1 |a Součková, Ingrid,  |d 1964-  |4 csl  |u J120  |U SjF Ústav výrobných systémov, enviromentálnej techniky a manažment kvality  |T SjF Katedra výrobných systémov  |X 2364  |U J120  |Y 38  |7 A000002364 
996 |b 284J032007  |c J*108408  |l JJSK  |s A  |a 24  |w stu153805_0001